Währungen auf der ganzen Welt - Statistiken

Allgemein
  • Dieses Quiz wurde 304 mal gespielt
  • Das Durchschnittsergebnis liegt bei 7 aus 15
Antwortstatistiken
Hint Antwort % Korrekt
EU Euro
100%
USA Dollar
99%
JP Yen
88%
TUR Lira
74%
CZ Krone
70%
MEX Peso
69%
VK Pfund
56%
PL Zloty
47%
KOR Won
31%
VAE Dirham
29%
CN Yuan
21%
SZ Schweizer Franken
12%
BGN Lew
10%
ARM Dram
8%
BD Taka
4%
Keine übereinstimmenden Quizze gefunden
Verteilung der Resultate
Anzahl Personen mit jedem Resultat
Perzentil nach korrekt beantworteten Fragen
Ihre Resultats-Entwicklung
Sie haben dieses Quiz noch nicht gespielt